000 00583nam a22001937a 4500
005 20161129123044.0
010 _aENG-116690
020 _a9788184846034
_c680.00
035 _aEN-100222
037 _bDBAD/PUB
082 _a303.484
245 _aDr.B.R. Ambedkar and social transformation /
_cedited by Anjna Malhotra
260 _aNew Delhi
_bRegal Publications
_c2016
270 _aF-159 Rajouri Garden
_bNew Delhi
_e110027
300 _axvii,130p.
_c23cm(Hb)
500 _aIncludes index
700 _a Malhotra, Anjna
942 _2ddc
_cEN
_h303.484
_mAMB
999 _c104812
_d104812